| 000 | 01230 a2200169 4500 | ||
|---|---|---|---|
| 003 | NUST | ||
| 005 | 20221201131010.0 | ||
| 040 | _cNust | ||
| 082 | _a537,DAV | ||
| 100 |
_aDavidge, Henry Thomas _9103905 |
||
| 245 |
_aTechnical electricity / _cDavidge, Henry Thomas. [from old catalog |
||
| 260 |
_aLondon, _bUniversity tutorial press _c 1950. |
||
| 300 |
_axi, 533 p. illus., _b diagrs. 18 cm. |
||
| 505 | _aDynamical Definition and Units (Page-1), General Principle of electronics (Page-12), Electrictrostatic and capacitance (Page-25), Electronic units and theory (Page-34), General Principles (Page-48), Magnetic Units (Page-63), Simple Magnetic measurements (Page-79), General Principles of electric current (Page-95), Measurement of resistance (Page-125), Easement of potential (Page-141), Secondary cells or Accumulators (Page-176), General Principles (Page-218), Electromagnetic units and theory (Page-229), D. C. Generators (Page-248), D. C. Motors (Page-295), General Principles of Alternating (Page-315), A. C. Generators (Page-352), Commercial Measurement (Page-387), The Generators and Distribution (Page-407), Wireless Telegraphy (Page470). | ||
| 650 |
_aTechnical electricity. _9103906 |
||
| 942 |
_2ddc _cBK _k537,DAV |
||
| 999 |
_c184182 _d184182 |
||